මැලෝරි ටවර්ස්හි සීත සමය (Record no. 79947)
[ view plain ]
| 000 -LEADER | |
|---|---|
| fixed length control field | 00591nam a2200181Ia 4500 |
| 003 - CONTROL NUMBER IDENTIFIER | |
| control field | LK-CoDNM |
| 008 - FIXED-LENGTH DATA ELEMENTS--GENERAL INFORMATION | |
| fixed length control field | 140723t2022 xxu||||| |||| 00| 1 sin d |
| 020 ## - INTERNATIONAL STANDARD BOOK NUMBER | |
| International Standard Book Number | |
| -- | 9786245713264 |
| 040 ## - CATALOGING SOURCE | |
| Original cataloging agency | LK-CoDNM |
| Modifying agency | LK-CoDNM |
| Description conventions | LK-CoDNM |
| 041 ## - LANGUAGE CODE | |
| Language code of text/sound track or separate title | Sinhala; Sinhalese |
| 080 ## - UNIVERSAL DECIMAL CLASSIFICATION NUMBER | |
| Universal Decimal Classification number | 8-31 |
| Item number | BLI |
| 942 ## - ADDED ENTRY ELEMENTS (KOHA) | |
| Koha item type | Books |
| 100 ## - MAIN ENTRY--PERSONAL NAME | |
| Personal name | බලයිටන්, ඉනිඩ් |
| Personal name (Transliterated) | Blinton,Inid |
| 700 ## - ADDED ENTRY--PERSONAL NAME | |
| Personal name | චිත්රා අමරසේකර |
| Relator term | translater |
| Personal name (Transliterated) | Chithra Amarasekara |
| 245 ## - TITLE STATEMENT | |
| Title | මැලෝරි ටවර්ස්හි සීත සමය |
| 246 ## - VARYING FORM OF TITLE | |
| Title proper/short title | Melori Towers |
| 260 ## - PUBLICATION, DISTRIBUTION, ETC. (IMPRINT) | |
| Name of publisher, distributor, etc. | Samayawardana Publisher |
| Place of publication, distribution, etc. | Colombo |
| Date of publication, distribution, etc. | 2022 |
| Withdrawn status | Lost status | Damaged status | Not for loan | Collection code | Permanent Location | Current Location | Date acquired | Cost, normal purchase price | Full call number | Barcode | Koha item type |
|---|---|---|---|---|---|---|---|---|---|---|---|
| Monographs | Library National Museum Colombo - Sri Lanka | Library National Museum Colombo - Sri Lanka | 2023-07-16 | 750.00 | 8-31 BLI | 175177 | Books |


